Methods of selecting industries for depressed areas, an introduction to feasibiligy studies

Zapisane w:
Opis bibliograficzny
1. autor: Klassen, Leo H.
Format: Książka
Język:Undetermined
Wydane: Paris Organisation for Economic Co-operation and Development 1967
Hasła przedmiotowe:
Etykiety: Dodaj etykietę
Nie ma etykietki, Dołącz pierwszą etykiete!
Thư viện lưu trữ: Trung tâm Học liệu Trường Đại học Cần Thơ
LEADER 00543nam a2200169Ia 4500
001 CTU_79297
008 210402s9999 xx 000 0 und d
082 |a 658.2 
082 |b K63 
100 |a Klassen, Leo H. 
245 0 |a Methods of selecting industries for depressed areas, an introduction to feasibiligy studies 
245 0 |c Leo H. Klassen 
260 |a Paris 
260 |b Organisation for Economic Co-operation and Development 
260 |c 1967 
650 |a Economic policy 
980 |a Trung tâm Học liệu Trường Đại học Cần Thơ